Ενέργεια και φως
Αποθηκεύτηκε σε:
| Κύριος συγγραφέας: | |
|---|---|
| Μορφή: | Βιβλίο |
| Γλώσσα: | Greek English |
| Δημοσίευση: |
Αθήνα :
Γιάννης Ρίζος & Σία,
1992.
|
| Σειρά: | (Ο κόσμος του σήμερα)
|
| Θέματα: | |
| Ετικέτες: |
Προσθήκη ετικέτας
Δεν υπάρχουν, Καταχωρήστε ετικέτα πρώτοι!
|
MARC
| LEADER | 00000cam a2200000 i 4500 | ||
|---|---|---|---|
| 001 | 1/83625 | ||
| 008 | 990608s1992 gr | ||| |||| ||gre|| | ||
| 035 | |l 10051397 | ||
| 040 | |a GR-MyUa |b gre |e AACR2 | ||
| 041 | 1 | |a gre |h eng | |
| 082 | 7 | |a 531 |2 (22) | |
| 100 | 1 | |a Lafferty, Peter. | |
| 245 | 1 | 0 | |a Ενέργεια και φως / |c Peter Lafferty ; μετάφραση: Σταμάτης Μυλωνάς. |
| 260 | |a Αθήνα : |b Γιάννης Ρίζος & Σία, |c 1992. | ||
| 300 | |a 36 σ. : |b εικ. ; |c 29 εκ. | ||
| 490 | 0 | |a (Ο κόσμος του σήμερα) | |
| 500 | |a Τίτλος πρωτοτύπου: Energy and light. | ||
| 650 | 0 | |a Force and energy |x Juvenile literature. | |
| 650 | 0 | |a Light |x Juvenile literature. | |
| 852 | |a INST |b RHODES |e 19990608 |h 531 LAF |p 005400015028 |q 005400015028 |t BK |y 10 | ||
| 901 | |a BIBL4-1999-2 | ||
| 922 | |a 4ΕΛΗ |b 199903 |c ΚΠΣ/ΔΕ |d EMVASIS | ||
| 970 | |z 08/06/1999 | ||